Comienzo de la vida vertebrada. (Record no. 84454)

MARC details
000 -CABECERA
campo de control de longitud fija 00870ngm a2200169 a 4500
005 - FECHA Y HORA DE LA ÚLTIMA TRANSACCIÓN
campo de control 20210223124319.0
008 - ELEMENTOS DE LONGITUD FIJA--INFORMACIÓN GENERAL
campo de control de longitud fija 010828s1980 mx 011 aaspa d
035 ## - NÚMERO DE CONTROL DEL SISTEMA
Número de control de sistema UPN01000110545
049 ## - COLECCIÓN
Colección AV
050 #4 - SIGNATURA TOPOGRÁFICA DE LA BIBLIOTECA DEL CONGRESO
Número de clasificación PVI Q 0996
245 00 - MENCIÓN DE TÍTULO
Título Comienzo de la vida vertebrada.
260 ## - PUBLICACIÓN, DISTRIBUCIÓN, ETC.
Lugar de publicación, distribución, etc. México :
Nombre del editor, distribuidor, etc. Películas Ebesa [distribuidor],
Fecha de publicación, distribución, etc. [198-].
300 ## - DESCRIPCIÓN FÍSICA
Extensión 1 videocasete (VHS) (11 min.) :
Otras características físicas son., col.
520 ## - NOTA DE RESUMEN, ETC.
Sumario, etc. La microfotografía por intervalos, nos revela los asombrosos procesos que transforman un cigoto unicelular en un organismo pluricelular altamente especializado. La película está basada en el trabajo de un científico japonés que hace posible la fertilización de un huevo de oryzas latipe y la observación del desarrollo de un embrión vertebrado, desde la fertilización hasta la incubación
650 #4 - ASIENTO SECUNDARIO DE MATERIA - TERMINO TEMATICO
Término de materia o nombre geográfico como elemento de entrada VERTEBRADOS
9 (RLIN) 19542
905 ## - TIPO DE MATERIAL
Tipo de material Audiovisuales
Holdings
Estado de retiro Estado de pérdida Fuente del sistema de clasificación o colocación Estado dañado No para préstamo Código de colección Localización permanente Ubicación/localización actual Ubicación en estantería Total de préstamos Clasificación Código de barras Fecha visto por última vez Número de copia Tipo de ítem Koha
    Library of Congress Classification     Audiovisuales Bib. Gregorio Torres Quintero Bib. Gregorio Torres Quintero Audiovisual   PVI Q 0996 168835 31/12/2020 1 Videocasete